[Event "USCL St. Louis vs San Francisco"]
[Site "Internet Chess Club"]
[Date "2010.10.13"]
[Round "8"]
[White "Naroditsky, Daniel"]
[Black "Shulman, Yury"]
[Result "1/2-1/2"]
[WhiteElo "2453"]
[BlackElo "2715"]
[PlyCount "53"]
[EventDate "2010.??.??"]

1. e4 e6 2. d4 d5 3. Nd2 a6 4. Ngf3 c5 5. dxc5 Bxc5 6. Bd3 Nf6 7. Qe2 Nc6 8. a3
O-O 9. O-O Ba7 10. e5 Nd7 11. Nb3 h6 12. Bf4 b5 13. Rae1 Bb7 14. c3 f5 15. h4
Nc5 16. Nxc5 Bxc5 17. h5 d4 18. b4 Be7 19. Qa2 dxc3 20. Qxe6+ Kh8 21. Bxh6 Qxd3
22. Bxg7+ Kxg7 23. Qg6+ Kh8 24. Qh6+ Kg8 25. Qg6+ Kh8 26. Qh6+ Kg8 27. Qg6+
1/2-1/2

[Event "USCL Miami vs Los Angeles"]
[Site "Internet Chess Club"]
[Date "2010.10.13"]
[Round "8"]
[White "Martinez, Marcel"]
[Black "Kavutskiy, Konstantin"]
[Result "1-0"]
[WhiteElo "2475"]
[BlackElo "2253"]
[PlyCount "89"]
[EventDate "2010.??.??"]

1. e4 e6 2. Qe2 Qe7 3. Nf3 d5 4. d3 Nf6 5. g3 g6 6. e5 Nfd7 7. h4 h6 8. Bg2 Bg7
9. O-O c5 10. c4 Nc6 11. Bf4 d4 12. Re1 O-O 13. Nbd2 Rb8 14. Nf1 b5 15. b3 bxc4
16. dxc4 Bb7 17. Qd2 Kh7 18. N1h2 Rfd8 19. Ng4 Qf8 20. a3 Ba8 21. Qd3 Kg8 22.
Rab1 a5 23. Qd2 Kh7 24. a4 Rb6 25. h5 gxh5 26. Nf6+ Nxf6 27. exf6 Bxf6 28. Bc7
Rdb8 29. Qf4 Kg7 30. Bxb6 Rxb6 31. Rxe6 fxe6 32. Qc7+ Be7 33. Qxb6 Qc8 34. Re1
Bd8 35. Qxc5 Be7 36. Qxh5 Bf6 37. Re4 Ne7 38. Rg4+ Kf8 39. Qxh6+ Kf7 40. Qh5+
Kf8 41. Ng5 Bxg5 42. Rxg5 Bxg2 43. Qh8+ Kf7 44. Rg7+ Kf6 45. Qh6+ 1-0

[Event "USCL Miami vs Los Angeles"]
[Site "Internet Chess Club"]
[Date "2010.10.13"]
[Round "8"]
[White "Kretchetov, Alexandre"]
[Black "Gonzalez, Renier"]
[Result "1/2-1/2"]
[WhiteElo "2376"]
[BlackElo "2540"]
[PlyCount "81"]
[EventDate "2010.??.??"]

1. Nf3 d5 2. d4 c6 3. c4 Nf6 4. e3 a6 5. Bd3 e6 6. O-O dxc4 7. Bxc4 c5 8. Bb3
Be7 9. Qe2 cxd4 10. exd4 Nc6 11. Rd1 O-O 12. Nc3 Nb4 13. Bg5 Nbd5 14. Rac1 Nxc3
15. Rxc3 Nd5 16. Bxd5 Bxg5 17. Be4 Bf6 18. Ne5 g6 19. g3 Rb8 20. h4 Qd6 21. Bf3
Bd7 22. h5 Rfd8 23. hxg6 hxg6 24. Qe3 Ba4 25. b3 Be8 26. Kg2 Bg7 27. g4 b6 28.
g5 Rbc8 29. Rxc8 Rxc8 30. Ng4 Bc6 31. Nf6+ Bxf6 32. gxf6 Bxf3+ 33. Qxf3 Rd8 34.
Qe4 Qd5 35. Qxd5 Rxd5 36. Rc1 g5 37. Rc6 Rb5 38. Rc7 Rd5 39. Rc6 Rb5 40. Rc7
Rd5 41. Rc6 1/2-1/2

[Event "USCL St. Louis vs San Francisco"]
[Site "Internet Chess Club"]
[Date "2010.10.13"]
[Round "8"]
[White "Lee, Andy"]
[Black "Finegold, Spencer"]
[Result "1-0"]
[WhiteElo "2347"]
[BlackElo "1991"]
[PlyCount "81"]
[EventDate "2010.??.??"]

1. e4 c6 2. d4 d5 3. e5 c5 4. dxc5 e6 5. Nf3 Bxc5 6. Bd3 Nc6 7. O-O Nge7 8. Bf4
Ng6 9. Bg3 O-O 10. Nbd2 a6 11. Nb3 Ba7 12. Qe2 f6 13. Bxg6 hxg6 14. Rad1 b5 15.
Nbd4 Nxd4 16. Nxd4 Bd7 17. c3 Qe7 18. Rfe1 Rae8 19. a3 f5 20. f4 a5 21. Bf2 b4
22. axb4 axb4 23. Ra1 Bxd4 24. Bxd4 bxc3 25. Bxc3 g5 26. Qd2 gxf4 27. Bb4 Qh4
28. Bxf8 Rxf8 29. Qf2 Qh6 30. Rec1 g5 31. Rc7 Rf7 32. Raa7 Qg7 33. Qd4 f3 34.
gxf3 f4 35. h3 Qh7 36. Kg2 g4 37. hxg4 Qh4 38. Qf2 Qh7 39. Qc2 Qh4 40. Qg6+ Kf8
41. Ra8+ 1-0

[Event "USCL Carolina vs Boston"]
[Site "Internet Chess Club"]
[Date "2010.10.13"]
[Round "8"]
[White "Schroer, Jonathan"]
[Black "Christiansen, Larry"]
[Result "0-1"]
[WhiteElo "2437"]
[BlackElo "2665"]
[PlyCount "192"]
[EventDate "2010.??.??"]

1. d4 Nf6 2. c4 e6 3. Nf3 c5 4. d5 exd5 5. cxd5 d6 6. Nc3 g6 7. e4 Bg7 8. Bg5
h6 9. Bh4 a6 10. Nd2 b5 11. Qc2 g5 12. Bg3 Nh5 13. a4 b4 14. Nd1 O-O 15. Ne3
Ra7 16. Bd3 Nf4 17. Ndc4 f5 18. exf5 Nd7 19. O-O Nf6 20. a5 Re7 21. Nb6 Bb7 22.
Rfd1 Kh8 23. Bc4 Qe8 24. Bf1 Ne4 25. Bd3 b3 26. Qxb3 Nxf2 27. Bxf2 Rxe3 28.
Bxe3 Qxe3+ 29. Kh1 Nh3 30. Rd2 Qxd2 31. gxh3 Re8 32. Qc2 Qe3 33. Rf1 Qxh3 34.
Bc4 Bf6 35. Qg2 Qh4 36. b3 Re7 37. Qf2 Qh5 38. Qf3 Qe8 39. Qg3 Re5 40. Qh3 Kg7
41. Qg2 Re3 42. Rf2 Re1+ 43. Rf1 Re5 44. Rf2 Re1+ 45. Rf1 Rxf1+ 46. Bxf1 Qe1
47. Qf3 h5 48. Qe2 Qb1 49. Qd3 Qa1 50. Kg2 Qxa5 51. Nc4 Qa2+ 52. Nd2 Qb2 53.
Be2 Qc3 54. Ne4 Qxd3 55. Bxd3 Bxd5 56. Kf1 Bxe4 57. Bxe4 g4 58. Kg2 h4 59. Bd3
a5 60. Be2 Kh6 61. Bxg4 Kg5 62. h3 Kf4 63. Kf2 Ke4 64. Ke1 Kd3 65. Bf3 Kc3 66.
Bd5 Kd4 67. Be6 Ke3 68. Bf7 Kf4 69. Bh5 Kxf5 70. Kd2 Ke4 71. Be8 Kd4 72. Bc6 c4
73. bxc4 Kxc4 74. Kc2 Bc3 75. Be8 Kb4 76. Bf7 a4 77. Be6 Be5 78. Bf7 Bf6 79.
Be6 Kc5 80. Bd7 a3 81. Kb3 Bb2 82. Be6 d5 83. Bf7 Kd4 84. Bg8 Ke4 85. Bf7 d4
86. Kc2 Ke3 87. Bc4 Ke4 88. Kd2 Bc3+ 89. Ke2 Bb4 90. Bg8 d3+ 91. Kd1 Kd4 92.
Bf7 Kc3 93. Kc1 d2+ 94. Kd1 Kb2 95. Bg8 a2 96. Bxa2 Kxa2 0-1

[Event "USCL Miami vs Los Angeles"]
[Site "Internet Chess Club"]
[Date "2010.10.13"]
[Round "8"]
[White "Gupta, Ankit"]
[Black "Rosenthal, Nicholas"]
[Result "1/2-1/2"]
[WhiteElo "2290"]
[BlackElo "2047"]
[PlyCount "114"]
[EventDate "2010.??.??"]

1. Nf3 d5 2. g3 c5 3. Bg2 Nc6 4. d3 e5 5. O-O Nf6 6. Nbd2 g6 7. e4 d4 8. Nc4
Qc7 9. a4 Bg7 10. Nh4 Be6 11. b3 Bxc4 12. bxc4 h6 13. f4 Nd7 14. Bh3 Bf6 15.
Nf3 O-O-O 16. fxe5 Bxe5 17. Ba3 Bd6 18. Rb1 Kb8 19. Bxd7 Qxd7 20. Rb5 a6 21.
Rb2 Qc7 22. Qd2 Nb4 23. Bxb4 cxb4 24. e5 Bc5 25. Qf4 Rdg8 26. Nd2 g5 27. Qf5
Re8 28. Ne4 Rxe5 29. Qxf7 Re7 30. Qd5 Re5 31. Qf7 Re7 32. Qf6 Rhh7 33. Rbb1
Rhf7 34. Qg6 Rg7 35. Qh5 Rxe4 36. dxe4 d3+ 37. Kg2 dxc2 38. Qe8+ Ka7 39. Rb2
Re7 40. Qg6 b3 41. Rxb3 Qa5 42. Qf5 Qd2+ 43. Kh3 b6 44. a5 g4+ 45. Kxg4 c1=Q
46. axb6+ Bxb6 47. Rxc1 Rg7+ 48. Kh3 Qxc1 49. Rxb6 Rg5 50. Qf6 Rh5+ 51. Kg4
Qd1+ 52. Kf4 Qf1+ 53. Ke3 Qg1+ 54. Kd3 Qd1+ 55. Kc3 Qc1+ 56. Kd3 Qd1+ 57. Kc3
Qc1+ 1/2-1/2